000 00677nam a22002297a 4500
003 UA-OsUOA
001 71114
007 ta
008 20101005b un ||||| |||| 00| 0 ukr d
090 _a572.1
_bГ77
942 _cBK
040 _aUA-OsUOA
_bukr
_cUA-OsUOA
_dUA-OsUOA
245 _aГрані людського буття: позитивні та негативні виміри антропокультурного
_bмонографія
300 _a349 с.
955 _a1
041 _aukr
080 _a572.1
020 _a978-966-000952-6
260 _aК.
_bНаукова думка
_c2010
650 7 _a572 Антропологія
_2UDC
999 _c357388
_d357388